00382nam a2200145Ia 4500003000400000005001700004008004100021040000900062082001800071100001900089245005100108260004900159300000900208650001900217OSt20200918122713.0190216s9999||||xx |||||||||||||| ||und|| coclc a509.22bSIN/S aSingh, Jagjit  0aSome Eminent Indian Scientists /cJagjit Singh bPublications Division Govt. Of India,c1966. a125p aIndian History